<?xml version='1.0' encoding='UTF-8'?>
  <record xmlns="http://www.loc.gov/MARC21/slim">
    <leader>00000ctm a22000007i 4500</leader>
    <controlfield tag="001">ocn965428418</controlfield>
    <controlfield tag="003">OCoLC</controlfield>
    <controlfield tag="005">20250419203855.8</controlfield>
    <controlfield tag="008">091208q1450    ne            000 0 lat d</controlfield>
    <datafield tag="040" ind1=" " ind2=" ">
      <subfield code="a">QGJ</subfield>
      <subfield code="b">dut</subfield>
      <subfield code="c">QGJ</subfield>
      <subfield code="d">QGJ</subfield>
      <subfield code="d">OCLCL</subfield>
      <subfield code="d">OCLCQ</subfield>
    </datafield>
    <datafield tag="035" ind1=" " ind2=" ">
      <subfield code="a">(OCoLC)965428418</subfield>
    </datafield>
    <datafield tag="100" ind1="1" ind2=" ">
      <subfield code="a">Augustinus, Aurelius.</subfield>
    </datafield>
    <datafield tag="245" ind1="1" ind2="0">
      <subfield code="a">Confessiones /</subfield>
      <subfield code="c">Augustinus.</subfield>
      <subfield code="f">UBU Hs. 40.</subfield>
    </datafield>
    <datafield tag="260" ind1=" " ind2=" ">
      <subfield code="a">Utrecht :</subfield>
      <subfield code="b">Regulierenklooster,</subfield>
      <subfield code="c">1450.</subfield>
    </datafield>
    <datafield tag="300" ind1=" " ind2=" ">
      <subfield code="a">89 fol. :</subfield>
      <subfield code="b">ill. ;</subfield>
      <subfield code="c">296 x 203 (205 x 132) mm.</subfield>
    </datafield>
    <datafield tag="336" ind1=" " ind2=" ">
      <subfield code="a">text</subfield>
      <subfield code="b">txt</subfield>
      <subfield code="2">rdacontent</subfield>
    </datafield>
    <datafield tag="337" ind1=" " ind2=" ">
      <subfield code="a">unmediated</subfield>
      <subfield code="b">n</subfield>
      <subfield code="2">rdamedia</subfield>
    </datafield>
    <datafield tag="338" ind1=" " ind2=" ">
      <subfield code="a">volume</subfield>
      <subfield code="b">nc</subfield>
      <subfield code="2">rdacarrier</subfield>
    </datafield>
    <datafield tag="340" ind1=" " ind2=" ">
      <subfield code="a">perkament</subfield>
      <subfield code="k">2 kol., 43 regels, littera hybrida.</subfield>
    </datafield>
    <datafield tag="500" ind1=" " ind2=" ">
      <subfield code="a">Geschreven door Arnoldus Aelberti in 1450 (Fol. 89: Expliciunt libri confessionum aurelii augustini episcopi. scripti per fratrem Arnoldum aelberti finiti anno m cccc.l°.).</subfield>
    </datafield>
    <datafield tag="524" ind1=" " ind2=" ">
      <subfield code="a">Te citeren als: Universiteitsbibliotheek Utrecht Hs. 40.</subfield>
    </datafield>
    <datafield tag="563" ind1=" " ind2=" ">
      <subfield code="a">Contemporaine blindgestempelde leren band over houten platten,met tripellijnen langs de kanten en de diagonalen, de platten voorzien van vijf koperen knoppen (die van het voorplat ontbreken).</subfield>
    </datafield>
    <datafield tag="500" ind1=" " ind2=" ">
      <subfield code="a">Illustrations: Gehistorieerde initiaal met randversiering, gedecoreerde initialen met randversiering, penwerkinitialen met penwerkversiering in Utrechtse stijl.</subfield>
    </datafield>
    <datafield tag="581" ind1=" " ind2=" ">
      <subfield code="a">[P.A. Tiele], Catalogus codicum manu scriptorum Bibliothecae Universitatis Rheno-Trajectinae. I. Trajecti ad Rhenum / Hagae Comitis 1887. p. 11.</subfield>
    </datafield>
    <datafield tag="581" ind1=" " ind2=" ">
      <subfield code="a">Beeldschone Boeken. De Middeleeuwen in goud en inkt. Tent. cat. Museum Catharijneconvent, Utrecht. Zwolle 2009. p. 38.</subfield>
    </datafield>
    <datafield tag="581" ind1=" " ind2=" ">
      <subfield code="a">K. van der Hoek, 'Antonis Rogiersz. uten Broec. Een verluchter uit Utrecht, werkzaam in de Zuidelijke en de Noordelijke Nederlanden*', in: Oud Holland 117 (2004) 3/4, p. 119-136 p. 135 nt. 35.</subfield>
    </datafield>
    <datafield tag="581" ind1=" " ind2=" ">
      <subfield code="a">K. van der Horst, Illuminated and decorated medieval manuscripts in the University Library, Utrecht. An illustrated catalogue. Maarssen / 's-Gravenhage 1989. p. 18-19 nr. 60, pl. N, afb. 330-331.</subfield>
    </datafield>
    <datafield tag="581" ind1=" " ind2=" ">
      <subfield code="a">M. Th. Wieser, Die Handschriftliche Überlieferung der Werke des heiligen Augustinus Bd. VIII/2. Belgien, Luxemburg und Niederlande. Verzeichnis nach Bibliotheken. Wien 2000 (= Sitzungsberichte der Österreichische Akademie der Wissenschaften. Phil.-Hist. Klasse 685) p. 296-297.</subfield>
    </datafield>
    <datafield tag="581" ind1=" " ind2=" ">
      <subfield code="a">J.P. Gumbert, Manuscrits datés conservés dans les Pays-Bas. Vol. 2: Les manuscrits d'origine néerlandaise (XIVe-XVIe siècles) et Suppl. au tome premier. Leiden etc. 1988. p. 175-176 nr. 612, pl. 833a.</subfield>
    </datafield>
    <datafield tag="581" ind1=" " ind2=" ">
      <subfield code="a">G. Gerritsen-Geywitz, 'Die Utrechter Chorherrenbibliothek zwischen Kirchenspaltung und Klosterchronik', in: Sources for the history of medieval books and libraries. Ed. by R. Schlusemann, J.M.M. Hermans &amp; M. Hoogvliet. Groningen (2000), p. 3-22. (= Boekhistorische reeks 2). p.18, afb. op p. 9.</subfield>
    </datafield>
    <datafield tag="581" ind1=" " ind2=" ">
      <subfield code="a">G. Gerritsen-Geywitz, 'Het Utrechtse draakje', in: Bijzonder onderzoek. Een ontdekkingsreis door de bijzondere collecties van de Universiteitsbibliotheek Utrecht. Onder red. van M. van Egmond, B. Jaski, H. Mulder. Utrecht 2009, p. 18-25 afb.3 (fol. 38v.).</subfield>
    </datafield>
    <datafield tag="581" ind1=" " ind2=" ">
      <subfield code="a">J. Hintzen, 'De geminieerde handschriften der Utrechtsche Universiteits-Bibliotheek', in: Het boek 10 (1921), p. 1-13, 263-264. p. 6.</subfield>
    </datafield>
    <datafield tag="581" ind1=" " ind2=" ">
      <subfield code="a">O. Pächt &amp; U. Jenni, Holländische Schule. 2 vols. Wien 1975. (= Veröffentlichungen der Kommission für Schrift- und Buchwesen des Mittelalters, Reihe 1, 3; Denkschriften Oesterr. Akad. der Wissenschaften, Philos.-hist. Klasse 124). p. 38.</subfield>
    </datafield>
    <datafield tag="655" ind1=" " ind2="7">
      <subfield code="a">Handschriften (vorm)</subfield>
      <subfield code="0">(NL-LeOCL)088143309.</subfield>
      <subfield code="2">gtt</subfield>
    </datafield>
    <datafield tag="700" ind1="0" ind2=" ">
      <subfield code="a">Arnoldus Aelberti.</subfield>
    </datafield>
    <datafield tag="700" ind1="0" ind2=" ">
      <subfield code="a">Meester van de Boston Civitas Dei.</subfield>
    </datafield>
    <datafield tag="710" ind1="2" ind2=" ">
      <subfield code="a">Regulierenklooster (Utrecht)</subfield>
      <subfield code="e">former owner.</subfield>
      <subfield code="4">fmo</subfield>
      <subfield code="5">NL-UtRU</subfield>
    </datafield>
    <datafield tag="758" ind1=" " ind2=" ">
      <subfield code="a">Confessiones UBU Hs. 40 (Text)</subfield>
      <subfield code="1">https://id.oclc.org/worldcat/entity/E39PCYBCtBd3GDBJRVYXcBv9gq</subfield>
      <subfield code="4">https://id.oclc.org/worldcat/ontology/hasWork</subfield>
    </datafield>
    <datafield tag="856" ind1="4" ind2="1">
      <subfield code="u">http://objects.library.uu.nl/reader/resolver.php?obj=002304991&amp;type=2</subfield>
      <subfield code="x">Online</subfield>
      <subfield code="z">Full Text</subfield>
    </datafield>
    <datafield tag="936" ind1=" " ind2=" ">
      <subfield code="a">BATCHLOAD</subfield>
    </datafield>
  </record>